000 00267nam a2200109Ia 4500
005 20251222152714.0
008 251222s9999||||xx |||||||||||||| ||spa||
082 _a465/V39
100 _aVelásquez Ch., Héctor
245 0 _aRedacción y Comunicación I:
942 _cLIB
999 _c29322
_d29322